Leaders of the Soviet Union - Statistics

General Stats
  • This quiz has been taken 277 times
  • The average score is 5 of 8
Answer Stats
Period Leaders % Correct
21 January 1924 - 5 March 1953 Joseph Stalin
99%
30 December 1922 - 21 January 1924 Vladimir Lenin
98%
10 March 1985 - 25 December 1991 Mikhail Gorbachev
69%
7 September 1953 - 14 October 1964 Nikita Khrushchev
65%
14 October 1964 - 10 November 1982 Leonid Brezhnev
62%
10 November 1982 - 9 February 1984 Yuri Andropov
50%
9 February 1984 - 10 March 1985 Konstantin Chernenko
38%
5 March 1953 - 7 September 1953 Georgy Malenkov
16%
No matching quizzes found
Score Distribution
Percent of People with Each Score
Percentile by Number Answered
Your Score History
You have not taken this quiz